000 00385pab a2200145 454500
008 180718b1999 xxu||||| |||| 00| 0 eng d
100 _aRao, K. Dinker
245 _aSwarn Jayanti Gram Swarozgar Yojana: strengthen credit delivery to make it work
260 _c1999
300 _ap.15
362 _a31 Aug
650 _aEmployment
773 _aHindu(Business Line)
909 _a43283
999 _c43283
_d43283